|
|
|
|
| LEADER |
01319nam a22002777a 4500 |
| 001 |
35412 |
| 003 |
BD-DhAAL |
| 005 |
20250622150903.0 |
| 008 |
211031r19971997bg a|||| |||| 001 0 ben d |
| 020 |
|
|
|a 9844651255
|
| 040 |
|
|
|a BD-DhAAL
|d BD-DhAAL
|
| 041 |
|
|
|a ben
|
| 082 |
|
|
|a 954.9205
|2 22
|
| 100 |
|
|
|a আনিসুজ্জামান.
|9 42299
|
| 245 |
|
|
|a আমার একাত্তর /
|c আনিসুজ্জামান.
|
| 260 |
|
|
|a ঢাকা :
|b সাহিত্য প্রকাশ,
|c ২০০৬ [তৃতীয় মুর্দ্রণ].
|
| 300 |
|
|
|a ২০০ পৃষ্ঠা :
|b চিত্র ;
|c ২১ সে.মি.
|
| 504 |
|
|
|a নিঘন্ট অন্তভুক্ত
|
| 526 |
|
|
|a BIED
|
| 541 |
|
|
|a complimentary copy from BIED
|e 35412
|
| 651 |
|
|
|a Bangladesh
|x History
|y Revolution, 1971
|x Personal narratives, Bangladeshi.
|9 42300
|
| 651 |
|
|
|a বাংলাদেশ
|x ইতিহাস
|x মুক্তিযুদ্ধ
|y ১৯৭১.
|9 42301
|
| 852 |
|
|
|a Ayesha Abed Library
|c Bangabandhu Corner
|
| 942 |
|
|
|2 ddc
|c BK
|
| 999 |
|
|
|c 43298
|d 43298
|
| 952 |
|
|
|0 0
|1 0
|2 ddc
|4 0
|6 954_920500000000000_ANS
|7 0
|9 69454
|a BRACUL
|b BRACUL
|c BNC
|d 2021-10-31
|e Complimentary copy from BIED
|l 0
|o 954.9205 ANS
|p 3010035412
|r 2021-10-31
|w 2021-10-31
|y BK
|x Transferred from BIED to General Stacks
|